[Event "3rd Asia-ch"]
[Site "Kolkata IND"]
[Date "2001.08.17"]
[Round "11.31"]
[White "Izmukhambetov, Salauat"]
[Black "Nazarov, Anvar"]
[Result "1-0"]
[WhiteElo "2352"]
[BlackElo "2410"]
[EventDate "2001.08.09"]
[PlyCount "72"]

1.e4 c5 2.c3 Nf6 3.e5 Nd5 4.d4 cxd4 5.Nf3 Nc6 6.Bc4 Nb6 7.Bb3 d5 8.exd6 
Qxd6 9.O-O Be6 10.Na3 Bxb3 11.Qxb3 Qd5 12.Nb5 Rc8 13.Nfxd4 Nxd4 14.Nxd4 
Qxb3 15.axb3 a6 16.b4 Nd5 17.Re1 g6 18.b5 Nc7 19.bxa6 Nxa6 20.Bg5 Rc7 21.
Bf4 Rd7 22.Nb5 e6 23.Red1 f6 24.Rxd7 Kxd7 25.Rd1+ Ke8 26.Nd6+ Bxd6 27.Rxd6
e5 28.Bh6 Ke7 29.Rb6 Nc5 30.g3 Nd7 31.Rxb7 g5 32.f4 gxf4 33.gxf4 Rg8+ 34.
Kf2 Rg6 35.Bf8+ Ke8 36.Bd6 Rh6 1-0

[Event "3rd Asia-ch"]
[Site "Kolkata IND"]
[Date "2001.08.17"]
[Round "11.32"]
[White "Rahman, Syed Mahfuzur"]
[Black "Moradiabadi, Elshan"]
[Result "1-0"]
[WhiteElo "2235"]
[BlackElo "2404"]
[EventDate "2001.08.09"]
[PlyCount "125"]

1.e4 c5 2.Nf3 e6 3.d4 cxd4 4.Nxd4 a6 5.Bd3 g6 6.O-O Bg7 7.Be3 Ne7 8.f4 d5 
9.e5 O-O 10.Nd2 Nbc6 11.N2f3 f6 12.Nxc6 Nxc6 13.Bc5 Rf7 14.Qe2 Bd7 15.c4 
Rc8 16.Bd6 dxc4 17.Bxc4 Na5 18.Bd3 Bf8 19.Bxf8 Rxf8 20.exf6 Rxf6 21.Ne5 
Nc6 22.Ng4 Rf8 23.Bc4 Qe7 24.Rad1 Kg7 25.b3 h5 26.Qb2+ Kh7 27.Ne5 Nxe5 28.
Qxe5 Rf7 29.Rd6 Rc6 30.Rfd1 Rxd6 31.Rxd6 Rf5 32.Qd4 Rf7 33.g3 Rg7 34.Bd3 
Bb5 35.Bxb5 axb5 36.Qe5 Qc7 37.Rxe6 Qc2 38.Qe2 Qb1+ 39.Kg2 Kh6 40.Re8 Kh7 
41.g4 hxg4 42.Qf2 Qf5 43.Qh4+ Qh5 44.Qxh5+ gxh5 45.Kg3 Rc7 46.Kh4 Rc2 47.
Kxh5 Rxh2+ 48.Kxg4 Rxa2 49.Re7+ Kg6 50.Rxb7 Rg2+ 51.Kf3 Rb2 52.Rxb5 Kf6 
53.b4 Rb1 54.Ke4 Re1+ 55.Kd3 Rf1 56.f5 Rf4 57.Kc3 Rf3+ 58.Kc4 Rf4+ 59.Kb3 
Ke7 60.Rd5 Rf1 61.Kc4 Rc1+ 62.Kb5 Rc8 63.Ka6 1-0

[Event "3rd Asia-ch"]
[Site "Kolkata IND"]
[Date "2001.08.17"]
[Round "11.33"]
[White "Mishra, Neeraj Kumar"]
[Black "Nadera, Barlo"]
[Result "1-0"]
[WhiteElo "2293"]
[BlackElo "2421"]
[EventDate "2001.08.09"]
[PlyCount "115"]

1.d4 Nf6 2.c4 e6 3.g3 d5 4.Bg2 Bb4+ 5.Bd2 Be7 6.Nf3 O-O 7.O-O c6 8.Qc2 b6 
9.Ne5 Bb7 10.cxd5 cxd5 11.Bf4 Nh5 12.Be3 f6 13.Ng6 hxg6 14.Qxg6 Nxg3 15.
Qxg3 Kf7 16.Nd2 Rh8 17.f4 g6 18.Nf3 Qg8 19.Rac1 Nc6 20.b4 a6 21.a3 Rc8 22.
Kh1 Qh7 23.Bg1 Qh5 24.Rc3 Na7 25.Re3 Bd6 26.Ng5+ Kg7 27.Rxe6 Rcd8 28.Qe3 
Nc8 29.Rxf6 Kxf6 30.Qe6+ Kg7 31.Qf7+ Kh6 32.Qxb7 Rdf8 33.Nf7+ Rxf7 34.Qxf7
Rf8 35.Qxd5 Qxe2 36.Qg5+ Kg7 37.f5 Rf6 38.Be3 Ne7 39.Qh6+ Kg8 40.Kg1 Qg4 
41.fxg6 Rxf1+ 42.Kxf1 Qd1+ 43.Kf2 Qc2+ 44.Ke1 Qb1+ 45.Bc1 Bxb4+ 46.axb4 
Qxb4+ 47.Qd2 Qb1 48.Qf4 Qxg6 49.Qg5 Qxg5 50.Bxg5 Nf5 51.d5 a5 52.Be4 Nd6 
53.Bd3 Kf7 54.h4 a4 55.Kd2 Nb7 56.Be3 Ke7 57.h5 a3 58.Kc2 1-0

[Event "3rd Asia-ch"]
[Site "Kolkata IND"]
[Date "2001.08.17"]
[Round "11.34"]
[White "Hakki, Imad"]
[Black "Roghani, Arash"]
[Result "1-0"]
[WhiteElo "2428"]
[BlackElo "2294"]
[EventDate "2001.08.09"]
[PlyCount "75"]

1.Nf3 Nf6 2.c4 e6 3.g3 d5 4.Bg2 c5 5.O-O Nc6 6.cxd5 exd5 7.d4 Be7 8.Nc3 
O-O 9.Bg5 c4 10.Ne5 Be6 11.f4 Ng4 12.Bxe7 Nxe7 13.Qd2 Nf6 14.h3 h5 15.Kh2 
a6 16.b3 cxb3 17.axb3 Bf5 18.Bf3 Qc8 19.Rac1 Qe6 20.Na4 Bxh3 21.Nc5 Qf5 
22.Rfe1 Bg4 23.Bg2 b6 24.Na4 b5 25.Nc5 Ng6 26.e4 dxe4 27.Nxe4 Rad8 28.Nc6 
Rd7 29.Nc5 Rd6 30.Nb7 Re6 31.Rc5 Rxe1 32.Rxf5 Rfe8 33.Re5 Nxe5 34.dxe5 Re2
35.Qd3 Nd7 36.Nd6 Re6 37.Nd4 Nxe5 38.Qc3 1-0

[Event "3rd Asia-ch"]
[Site "Kolkata IND"]
[Date "2001.08.17"]
[Round "11.35"]
[White "Turpanov, Milan"]
[Black "Al-Sayed, Mohamad Naser"]
[Result "1-0"]
[WhiteElo "2276"]
[BlackElo "2299"]
[EventDate "2001.08.09"]
[PlyCount "64"]

1.d4 Nf6 2.c4 g6 3.Nc3 Bg7 4.e4 d6 5.Nf3 O-O 6.Be2 e5 7.Be3 Ng4 8.Bg5 f6 
9.Bh4 g5 10.Bg3 Nh6 11.d5 c6 12.Nd2 f5 13.exf5 Nxf5 14.Nde4 Nd4 15.Bd3 Bf5
16.O-O Qe7 17.Ne2 Nxe2+ 18.Qxe2 Nd7 19.dxc6 bxc6 20.Rad1 d5 21.cxd5 cxd5 
22.Nc3 Be6 23.Bb5 d4 24.Bxd7 Bxd7 25.Rxd4 h5 26.Re4 Bg4 27.Qb5 Rab8 28.Qa5
Rfe8 29.Rfe1 Rxb2 30.h3 Be6 31.Rxe5 Bxe5 32.Rxe5 Qf6 1-0

[Event "3rd Asia-ch"]
[Site "Kolkata IND"]
[Date "2001.08.17"]
[Round "11.36"]
[White "Peires, T. D. R."]
[Black "Rahman, Taibur"]
[Result "0-1"]
[WhiteElo "2151"]
[BlackElo "2246"]
[EventDate "2001.08.09"]
[PlyCount "30"]

1.e4 c5 2.f4 d5 3.exd5 Qxd5 4.Nc3 Qd8 5.Nf3 Nf6 6.Bc4 e6 7.d3 Be7 8.O-O 
O-O 9.Kh1 b6 10.Qe1 Bb7 11.Ne4 Nc6 12.Bd2 Nd4 13.Nxd4 cxd4 14.c3 Rc8 15.
cxd4 Nxe4 0-1

[Event "3rd Asia-ch"]
[Site "Kolkata IND"]
[Date "2001.08.17"]
[Round "11.37"]
[White "Abu Sufian, Shakil"]
[Black "Garma, Chito"]
[Result "0-1"]
[WhiteElo "2276"]
[BlackElo "2409"]
[EventDate "2001.08.09"]
[PlyCount "60"]

1.e4 Nf6 2.e5 Nd5 3.c4 Nb6 4.d4 d6 5.f4 dxe5 6.fxe5 Bf5 7.Nf3 e6 8.Nc3 Nc6
9.Be3 Qd7 10.Be2 O-O-O 11.O-O Bg4 12.Ng5 Bxe2 13.Qxe2 f6 14.exf6 gxf6 15.
Nxe6 Qxe6 16.d5 Qe5 17.dxc6 bxc6 18.Rae1 Bd6 19.g3 Kb7 20.Rf4 Rhe8 21.Re4 
Qxe4 22.Nxe4 Rxe4 23.Qf2 Nxc4 24.Bd4 Bxg3 25.hxg3 Rexd4 26.Qxf6 Rd3 27.Rc1
R8d4 28.b3 Nd6 29.Kh2 Rg4 30.Qf2 Ne4 0-1